| 000 | 00678nam a22002297a 4500 | ||
|---|---|---|---|
| 005 | 20170124110153.0 | ||
| 010 | _aA-039916 | ||
| 020 |
_c00.00 _a0046580417 |
||
| 035 | _aA-039916 | ||
| 037 | _bCen Lib/Ret | ||
| 040 |
_aDPL _bEN |
||
| 082 |
_a659.1 _bMAR |
||
| 100 |
_aMarkham, Vic _934375 |
||
| 245 |
_aPlanning the corporate reputation / _cby Vic Markham |
||
| 260 |
_aLondon _bGeorge Allen and Unwin Ltd _c1972 |
||
| 270 |
_aRuskin House, Museum Street _bLondon |
||
| 300 |
_a204p. : _c21cm(Hb) _bill. |
||
| 500 | _aIncludes index | ||
| 650 |
_aPublic relations _9736 |
||
| 650 |
_aReclame. Public relations _934376 |
||
| 942 |
_2ddc _cEN _h659.1 _mMAR |
||
| 999 |
_c132333 _d132333 |
||